Executive Talk : Dasar Kenaikan Pangkat oleh Abdul Razak Anuar, Jabatan Perkhidmatan Awam, Putrajaya (Bhg. 2) :
| Corporate Author: | |
|---|---|
| Format: | Book |
| Published: |
Bangi :
Institut Penilaian Negara ,
2006
|
MARC
| LEADER | 00000cam a2200000 7i4500 | ||
|---|---|---|---|
| 001 | 0000020102 | ||
| 005 | 20070907.0 | ||
| 040 | |a INS | ||
| 090 | 0 | 0 | |a VCD0630 |
| 245 | 0 | 0 | |a Executive Talk : |b Dasar Kenaikan Pangkat oleh Abdul Razak Anuar, Jabatan Perkhidmatan Awam, Putrajaya (Bhg. 2) : |b 23 November 2006 [ |h cakera video] |
| 260 | |a Bangi : |b Institut Penilaian Negara , |c 2006 | ||
| 300 | |a 1 videodisc ( 46min.) : |b sd. col. ; |c 4 3/4 in. | ||
| 500 | |a Siri 2 | ||
| 710 | 1 | |a Institut Penilaian Negara | |
| 999 | |a VCD0000630 |b VIDEO CD |c Media Collection |e Default branch | ||